Learning to program in C /

Gespeichert in:
Bibliographische Detailangaben
1. Verfasser: Plum, Thomas (Verfasst von)
Format: Buch
Sprache:Englisch
Veröffentlicht: Englewood Cliffs : Prentice Hall, 1983
Tags: Tag hinzufügen
Keine Tags, Fügen Sie das erste Tag hinzu!

MARC

LEADER 00000nam a22000003a 4500
001 stu179
005 20201020165055.3
008 910411s1983----xxu-----------------eng-d
020 |a 0-13-527847-3 
040 |a STU  |b slo 
041 0 |a eng 
044 |a xxu 
080 |a 681.32.06 
080 |a C 
080 |a 519.682 
100 1 |a Plum, Thomas  |4 aut 
245 1 |a Learning to program in C /  |c [aut.] Plum,Thomas 
260 |a Englewood Cliffs :  |b Prentice Hall,  |c 1983 
300 |a Preruš. str 
996 |b E73708  |c E*73708  |l EE30  |s P  |a 0  |w stu179_0001